000 00891 a2200157 4500
003 Nust
005 20221027105049.0
040 _cNust
082 _a621.3,THE
100 _aB.L., Theraja
_913416
245 _aA Textbook of Electrical Technology Vol.3 :
_bTransmission, distribution and utilization /
_cB.L. Theraja & A.K Theraja
260 _aNew Delhi
_bS. Chand
_c2000
505 _aD.C. Transmission and Distribution (Page-1569), A.C. Transmission and Distribution (Page-1603), Distribution Automation (Page-1683), Electric Traction (Page-1699), Industrial Applications of Electric Motors (Page-1767), Rating and Service Capacity (Page-1795), Electronic Control of AC Motors (Page-1823), Electric Heating (Page-1833), Electric Welding (Page-1861), Illumination (Page-1893), Tariffs and Economic Considerations (Page-1943),
650 _aTelecommunication Engineering
942 _2ddc
_cBK
999 _c189463
_d189463